Najdrożsi piłkarze z danego kraju 2026 - Statystyki

Ogólne statystyki
  • Ten quiz został rozwiązany 29 razy
  • Średni wynik to 46 z 143
Statystyki odpowiedzi
KRAJ KLUB POZYCJA WARTOŚĆ PIŁKARZ % Poprawnych
Hiszpania FC Barcelona PS 200 mln Lamine Yamal
100%
Anglia Real Madryt ŚPO 140 mln Jude Bellingham
96%
Francja Real Madryt N 200 mln Kylian Mbappe
96%
Brazylia Real Madryt LS 150 mln Vinicius Junior
96%
Argentyna Chelsea / Atletico Madryt ŚP / N 90 mln Enzo Fernandez / Julian Alvarez
92%
Belgia Manchester City LS 65 mln Jeremy Doku
92%
Ekwador Chelsea ŚPD 110 mln Moises Caicedo
88%
Chorwacja Manchester City ŚO 70 mln Josko Gvardiol
85%
Austria Bayern Monachium PO 32 mln Konrad Laimer
85%
Egipt Manchester City N 60 mln Omar Marmoush
85%
Holandia FC Liverpool ŚPD 90 mln Ryan Gravenberch
85%
Kanada Bayern Monachium LO 45 mln Alphonso Davies
81%
Kamerun Manchester United PS 80 mln Bryan Mbeumo
81%
Norwegia Manchester City N 200 mln Erling Haaland
81%
Niemcy Bayern Monachium ŚPO 120 mln Jamal Musiala
81%
Portugalia Paris Saint-Germain ŚP 110 mln Joao Neves / Vitinha
81%
Kolumbia Bayern Monachium LS 70 mln Luis Diaz
81%
Dania SSC Napoli N 50 mln Rasmus Hojlund
81%
Maroko FC Paris Saint-Germain PO 80 mln Achraf Hakimi
77%
Burkina Faso Beyer 04 Leverkusen ŚO 35 mln Edmond Tapsoba
77%
Urugwaj Real Madryt ŚP 120 mln Federico Valverde
77%
Algeria Manchester City LO 40 mln Rayan Ait-Nouri
77%
Gwinea Borussia Dortmund N 40 mln Serhou Guirassy
77%
Nigeria Galatasaray N 75 mln Victor Osimhen
77%
Szwecja FC Liverpool N 100 mln Alexander Isak
73%
Ghana Manchester City PS 75 mln Antoine Semenyo
73%
Turcja Real Madryt ŚPO 90 mln Arda Guler
73%
Słowenia Manchester United N 65 mln Benjamin Sesko
73%
Węgry FC Liverpool ŚPO 100 mln Dominik Szoboszlai
73%
Polska FC Porto ŚO 27 mln Jakub Kiwior
73%
Korea Południowa FC Paris Saint-Germain ŚPO 28 mln Kang-in Lee
73%
Gruzja FC Paris Saint-Germain LS 90 mln Khvicha Kvaratskhelia
73%
Włochy Newcastle United ŚPD 80 mln Sandro Tonali
73%
Stany Zjednoczone AC Milan PS 50 mln Christian Pulisic
69%
Szwajcaria Borussia Dortmund BR 40 mln Gregor Kobel
69%
Szkocja SSC Napoli ŚP 45 mln Scott McTominay
69%
Uzbekistan Manchester City ŚO 35 mln Abdukodir Khusanov
65%
Serbia AS Roma / Juventus Turyn / AC Milan BR / N / ŚO 35 mln Mile Svilar / Dusan Vlahovic / Strahinja Pavlovic
65%
Japonia Real Sociedad PS 30 mln Takefusa Kubo
65%
Ukraina FC Paris Saint-Germain ŚO 45 mln Ilya Zabarnyi
62%
Honduras Lech Poznań LS 3,5 mln Luis Palma
62%
Słowacja Atletico Madryt ŚO 35 mln David Hancko
58%
Jamajka Aston Villa PS 16 mln Leon Bailey
58%
Irlandia Północna FC Liverpool PO 30 mln Conor Bradley
54%
Czechy Wolverhampton Wanderers ŚO 22 mln Ladislav Krejci
54%
Nowa Zelandia Nottingham Forest N 6 mln Chris Wood
50%
Demokratyczna Republika Kongo Newcastle United N 30 mln Yoane Wissa
50%
Macedonia Północna SSC Napoli ŚPO 14 mln Eljif Elmas
46%
Rumunia Tottenham Hotspur ŚO 20 mln Radu Dragusin
46%
Bośnia i Hercegowina VfB Stuttgart N 22 mln Ermedin Demirovic
42%
Zambia Leicester City N 5 mln Patson Daka
42%
Meksyk AC Milan N 20 mln Santiago Gimenez
38%
Gambia Brighton & Hove Albion PS 40 mln Yankuba Minteh
38%
Republika Środkowoafrykańska Olympique Marseille ŚPD 4 mln Geoffrey Kondogbia
35%
Irlandia FC Brentford ŚO 30 mln Nathan Collins
35%
Wybrzeże Kości Słoniowej RB Lipsk LS 75 mln Yan Diomande
35%
Walia Crystal Palace PS 35 mln Brennan Johnson
31%
Kosowo TSG 1899 Hoffenheim N 30 mln Fisnik Asllani
31%
Katar Al-Sadd SC LS 8 mln Akram Afif
27%
Senegal FC Everton PS 50 mln Iliman Ndiaye
27%
Madagaskar Jagiellonia Białystok ŚO 2 mln Andy Pelmard
23%
Islandia LOSC Lille ŚPO 22 mln Hakon Arnar Haraldsson
23%
Czarnogóra Atalanta BC N 25 mln Nikola Krstovic
23%
Wyspy Owcze Hellas Verona ŚO 2,5 mln Andrias Edmundsson
19%
Wenezuela Real Sociedad PO 15 mln Jon Aramburu
19%
Luksemburg Benfica ŚP 15 mln Leandro Barreiro
19%
Gabon Los Angeles FC LS 8 mln Denis Bouanga
15%
Bułgaria Leeds United ŚPD 12 mln Ilia Gruev
15%
Grecja KRC Genk ŚPO 35 mln Konstantinos Karetsas
15%
Arabia Saudyjska RC Lens PO 5 mln Saud Abdulhamid
15%
Australia Parma Calcio 1913 ŚO 10 mln Alessandro Circati
12%
Gwinea Bissau FC Midtjylland N 22 mln Franculino
12%
Litwa Torino FC ŚP 5,5 Gvidas Gineitis
12%
Tunezja FC Burnley ŚPO 16 mln Hannibal
12%
Republika Zielonego Przylądka Villarreal CF ŚO 18 mln Logan Costa
12%
Mołdawia Spartak Moskwa LO 3 mln Oleg Reabciuk
12%
Iran Shabab Al-Ahli Club N 7 mln Sardar Azmoun
12%
Palestyna Colombus N 6 mln Wessam Abou Ali
12%
Haiti AFC Sunderland N 18 mln Wilson Isidor
12%
Panama Besiktas JK PO 8 mln Amir Murillo
8%
Kazachstan Kairat Almaty N 3 mln Dastan Satpaev
8%
Angola Real Oviedo ŚO 8 mln David Carmo
8%
Łotwa AFC Sunderland LO 8 mln Dennis Cirkin
8%
Paragwaj Brighton & Hove Albion ŚP 25 mln Diego Gomez
8%
Bangladesz Leicester City ŚPD 5 mln Hamza Choudhury
8%
Gujana Luton Town PS 3 mln Isaiah Jones
8%
Surinam Leeds United N 18 mln Joel Piroe
8%
Finlandia AC Sparta Praga ŚP 6 mln Kaan Kairinen
8%
Togo FC Cincinnati N 14 mln Kevin Denkey
8%
Republika Południowej Afryki FC Burnley N 10 mln Lyle Foster
8%
Mali RC Lens ŚP 30 mln Mamadou Sangare
8%
Kostaryka Spartak Moskwa N 14 mln Manfred Ugalde
8%
Chile Ipswich Town ŚP 10 mln Marcelino Nunez
8%
Zimbabwe Paris FC ŚP 12 mln Marshall Munetsi
8%
Libia Hellas Verona ŚPD 7 mln Moatasem Al-Musrati
8%
Jordania Stade Rennais PS 8 mln Mousa Tamari
8%
Burudni OGC Nice ŚO 8 mln Youssouf Ndayishimiye
8%
Gwatemala D.C. United PO 1,8 mln Aaron Herrera
4%
Pakistan Mjallby AIF ŚO 2,2 mln Abdullah Iqbal
4%
Rosja Lokomotiv Moskwa ŚPO 25 mln Aleksey Batrakov
4%
Salwador Seattle Sounders FC PO 3,5 mln Alex Roldan
4%
Bahrajn Al-Riffa SC PS 1,2 mln Ali Madan
4%
Izrael Union Saint-Gilloise PP 18 mln Anan Khalaili
4%
Benin FC St. Pauli N 5 mln Andreas Hountondji
4%
Nowa Kaledonia Al-Taawoun FC ŚPO 5 mln Angelo Fulgini
4%
Albania Ipswich Town ŚPO 14 mln Anis Mehmeti
4%
Kongo Samsunspor ŚPD 4 mln Anotine Makoumbou
4%
Mauretania Glagow Rangers LS 7 mln Djeidi Gassama
4%
Armenia FC Krasnodar ŚPO 25 mln Eduard Spertsyan
4%
Zjednoczone Emiraty Arabskie Al-Wasl SC ŚPO 6 mln Fabio Lima
4%
Rwanda AEK Ateny ŚPD 1,5 mln Hakim Sahabo
4%
Liban Hannover 96 LS 1,8 mln Husseyn Chakroun
4%
Malta FC Sion LS 3 mln Ilyas Chouaref
4%
Cypr CSKA Sofia N 2,5 mln Ioannis Pittas
4%
Martynika Queens Park Rangers ŚPD 2 mln Jonathan Varane
4%
Sierra Leone OGC Nice ŚO 10 mln Juma Bah
4%
Belize Verdes FC N 125 tyś Krisean Lopez
4%
Trynidad i Tobago Spartak Moskwa N 7,5 mln Levi Garcia
4%
Estonia KAA Gent ŚO 3,5 mln Maksim Paskotsi
4%
Czad Samsunspor N 4,5 mln Marius Mouandilmadji
4%
Kenia Al-Arabi SC N 6 mln Michael Olunga
4%
Boliwia Santos FC ŚPO 5 mln Miguelito
4%
Irak Hammarby IF PS 3 mln Montader Madjed
4%
Malezja Johor Darul Ta`zim ŚP 1,3 mln Nacho Mendez
4%
Azerbejdżan Columbus N 2,5 mln Nariman Akhundzada
4%
Tajlandia SV 07 Elversberg LO 1 mln Nicholas Mickelson
4%
Gwadelupa FC Lorient N 2,5 mln Noah Cadiou
4%
Tanzania Goztepe ŚPD 3,5 mln Novatus Miroshi
4%
Peru AC Sparta Praga PO 4 mln Oliver Sonne
4%
Syria Al-Wahda FC N 4,5 mln Omar Khribin
4%
Liberia SK Slavia Praga ŚP 7 mln Oscar
4%
Niger FK Rostov ŚO 2,5 mln Oumar Sako
4%
Namibia Mamelodi Sundowns FC N 1,2 mln Peter Shalulile
4%
Filipiny SC Paderborn 07 LP 1,5 mln Raphael Obermair
4%
Tadżykistan FK Rostov BR 1,8 mln Rustam Yatimov
4%
Gwinea Równikowa Torino FC N 9 mln Saul Coco
4%
Grenada Luton Town ŚP 1,6 mln Shandon Baptiste
4%
Erytrea Hammarby IF ŚP 2 mln Tesfaldet Tekie
4%
Chińskie Tajpej Shenzhen Peng City ŚPD 1 mln Tim Chow
4%
Białoruś ML Vitebsk ŚPO 1,5 mln Valeriy Gromyko
4%
Chiny Zhejiang FC LS 1,5 mln Yudong Wang
4%
Komory Al-Fateh SC ŚP 6 mln Zaydou Youssouf
4%
Indonezja US Sassuolo ŚO 10 mln Jay Izdes
0%
Nie znaleziono quizów pasujących do podanych kryteriów
Rozkład punktacji
Procent ludzi z każdym wynikiem
Percentyl według liczby udzielonych odpowiedzi
Twoja historia wyników
Nie rozwiązałeś tego quizu